000 01049nam a2200325 a 4500
001 000041646
003 DO-SdBNP
005 20170922100915.0
007 000041646
008 131015s2010 dr o 000 0 spa d
020 _a9789945433135
040 _aBPMSU
_bspa
_cBPMSU
082 4 _a342.72923082
_bH673p
245 1 3 _aLa historia del pasaporte dominicano /
_ccoordinadora editorial Angelis Páez ;
260 _aSanto Domingo, :
_bDirección General de Pasaportes,
_c2010.
300 _a209 p :
_bil. : retrs. ;
_c27 cm.
650 4 _aPASAPORTE
_zREPÚBLICA DOMINICANA
_xHISTORIA
700 1 2 _aPáez, Angelis
_ecoord.
710 1 2 _4Dirección General de Pasaportes, (República Dominicana)
910 _aValidado. Control de calidad MFF
930 1 _l
_m
_8
_f
_p
_g
930 1 _l
_m
_8
_f
_p
_g
_h
930 1 _l
_m
_8
_f
_p
_g
_h
942 _2ddc
_cBK
945 _aInventariado / 2017 VM
956 _a
_b
_c
_l
_h
956 _a
_b
_c
_l
_h
956 _a
_b
_c
_l
_h
956 _aVMATEO
_b10
_c20150731
_lBPMSU
_h00151
999 _c8033
_d8033